Traces of empire : (Record no. 84416)

MARC details
000 -LEADER
fixed length control field 00687nam a22002057a 4500
005 - DATE AND TIME OF LATEST TRANSACTION
control field 20140728143333.0
010 ## - LCCN (DPL NO)
LC control number ENG-110051
020 ## - INTERNATIONAL STANDARD BOOK NUMBER
International Standard Book Number 9789380607955
Terms of availability 995.00
035 ## - SYSTEM CONTROL NUMBER
System control number EN-93584
037 ## - SOURCE OF ACQUISITION
Source of stock number/acquisition DBAD/PUB
082 ## - DEWEY DECIMAL CLASSIFICATION NUMBER
Classification number 954
100 ## - MAIN ENTRY--PERSONAL NAME
Personal name Sen, Satadru
245 ## - TITLE STATEMENT
Title Traces of empire :
Statement of responsibility, etc by Satadru Sen
Remainder of title India,America and postcolonical cultures: essays and criticism /
260 ## - PUBLICATION, DISTRIBUTION, ETC. (IMPRINT)
Place of publication, distribution, etc Delhi
Name of publisher, distributor, etc Primus Books
Date of publication, distribution, etc 2014
270 ## - ADDRESS
Address Virat Bhavan ,Mukherjee Nagar Commercial Complex
City Delhi
Postal code 110009
300 ## - PHYSICAL DESCRIPTION
Extent viii,262p. :
Other physical details 25cm(Hb)
Dimensions ill.
500 ## - GENERAL NOTE
General note Includes bibliographical references (pages 251-255) and index.
700 ## - ADDED ENTRY--PERSONAL NAME
Personal name
942 ## - ADDED ENTRY ELEMENTS (KOHA)
Source of classification or shelving scheme Dewey Decimal Classification
Item type English Books
Call number suffix SEN
Classification part 954
Holdings
Withdrawn status Lost status Not for loan Collection code Home library Current library Date acquired Source of acquisition Cost, normal purchase price Full call number Barcode Copy number Cost, replacement price Koha item type
    Not For Loan Non-fiction D.B.Act.Division D.B.Act.Division 21/05/2014 DBAD/PUB 995.00 954 SEN EN-93584 1 995.00 English Books

© Delhi Public Library
Hit Counter
free hit counter